01040 2200337 4500001002100000005001500021035002000036007000300056008004100059020002200100040002200122082001200144084001400156090001800170090002200188100002900210245010900239250003400348300005800382500001100440650002000451700002200471850001200493504002500505264005400530336002100584337003000605338002300635999002200658990002200680INLIS00000000085921020210427085940 a0010-0421001115ta210316s2020 yoia g 1 ind d a978-602-386-904-6 aYOPDYOGbinderda04223a532 a532 KHA p aDEP 532 KHA p aCB-D.11 2020-13450 aKhasani,d1968-epenulis10aPanduan praktikum mekanika fluida :blaboratorium mekanika fluida /cpenulis, Khasani; penyunting, Galih aCetakan pertama, Oktober 2020 aviii, 46 halaman :bilustrasi, tabel, gambar ;c29 cm aIndeks 4aMekanika fluida0 aGalihepenyunting aYOPDYOG aTermasuk bibliografi31aYogyakarta :bGadjah Mada University Press,c2020 2rdacontentateks 2rdamediaatanpa perantara 2rdacarrieravolume aCB-D.11/2020-1345 aCB-D.11/2020-1345